000 01266nab a2200253 i 4500
001 768714001
003 CO-MdFUSB
005 20240731095605.0
008 240731t1986 -us||||| |||| 00| 0 eng d
040 _bspa
_cCO-MdFUSB
_dCO-MdFUSB
041 _aeng
100 _aPate, Larry D.,
_eautor
245 _aEmerging missions in a global church
_c/ Larry D. Pate, Lawrence E. Keyes
520 _aEn este artículo, se informa que en esa época había más de 20.000 misioneros no occidentales y que la tasa de crecimiento de las misiones no occidentales de 1972 a 1982 fue del 448 por ciento. La mayoría de los misiólogos que estudian el futuro están descubriendo que los mensajeros de buenas noticias y predicciones positivas son cada vez más evidentes.
546 _aTexto en inglés.
650 0 _aMisiones
_9154
650 0 _aEvangelización
_9362
650 7 _aAntropología cultural y social
_96714
650 0 _aHistoria de la Iglesia
_9153
700 _aKeyes, Lawrence E.,
_d1944-
_eautor
773 0 _049483
_982881
_oR2709
_tInternational Bulletinof Missionary Research
_w(CO-MdFUSB)768714001
_x0272-6122
_gVolumen 10, (número 4, 1986), páginas: 156 - 161
_qpágina: 156
942 _cANA
945 _aCatherine Arias Álvarez - Practicante SENA
999 _c70632
_d70632